Catálogo público

Bibliography of the more important contributions to american economic entomology / (Record no. 204959)

MARC details
000 -CABECERA
campo de control de longitud fija 00778nam a2200265Ia 4500
001 - NÚMERO DE CONTROL
campo de control Para_6349
003 - IDENTIFICADOR DEL NÚMERO DE CONTROL
campo de control CHAP
008 - DATOS DE LONGITUD FIJA--INFORMACIÓN GENERAL
campo de control de longitud fija 220125s1890 xx 000 0 und d
010 ## - NÚMERO DE CONTROL DE LA BIBLIOTECA DEL CONGRESO
Número de control de LC 204959
040 ## - FUENTE DE LA CATALOGACIÓN
Centro/agencia transcriptor CHAP
082 ## - NÚMERO DE LA CLASIFICACIÓN DECIMAL DEWEY
Número de clasificación PA-C 595.7016 H45
100 ## - ENTRADA PRINCIPAL--NOMBRE DE PERSONA
Nombre de persona Henshaw Samuel
9 (RLIN) 170904
245 ## - MENCIÓN DE TÍTULO
Título Bibliography of the more important contributions to american economic entomology /
Mención de responsabilidad, etc. by Samuel Henshaw
260 ## - PUBLICACIÓN, DISTRIBUCIÓN, ETC.
Lugar de publicación, distribución, etc. Washington :
Nombre del editor, distribuidor, etc. USDA
300 ## - DESCRIPCIÓN FÍSICA
Extensión 2v.
650 ## - PUNTO DE ACCESO ADICIONAL DE MATERIA--TÉRMINO DE MATERIA
Término de materia o nombre geográfico como elemento de entrada Entomologia economica
Subdivisión general Bibliografía
-- EUA
9 (RLIN) 170905
710 ## - PUNTO DE ACCESO ADICIONAL--NOMBRE DE ENTIDAD CORPORATIVA
Nombre de entidad corporativa o nombre de jurisdicción como elemento de entrada EUA. Departament of Agriculture
9 (RLIN) 166870
901 ## - ELEMENTOS DE DATOS A LOCAL LDA (RLIN)
a PA-C 595.7016 H45
902 ## - ELEMENTOS DE DATOS B LOCAL, LDB (RLIN)
a A
905 ## - ELEMENTOS DE DATOS E LOCAL, LDE (RLIN)
a 0000001890 0000000000 00
910 ## - DATOS DE OPCIÓN DEL USUARIO (OCLC)
Datos de opción del usuario 1890
942 ## - ELEMENTOS DE PUNTO DE ACCESO ADICIONAL (KOHA)
Tipo de ítem Koha Parasitologia_
942 ## - ELEMENTOS DE PUNTO DE ACCESO ADICIONAL (KOHA)
Tipo de ítem Koha Parasitologia_
-- 1
Holdings
Estado de retiro Estado de pérdida Fuente del sistema de clasificación o colocación Estado dañado Restricciones de uso No para préstamo Código de colección Localización permanente Ubicación/localización actual Ubicación en estantería Fecha de adquisición Información codificada de la localización en otra ubicación Enumeración/cronología de publicación seriada Total de préstamos Código de barras Fecha visto por última vez Precio válido a partir de Tipo de ítem Koha Nota pública Fecha del último préstamo
    Dewey Decimal Classification   Préstamo interno   Consulta Parasitologia Agricola Parasitologia Agricola   27/10/2005 PARA Volumen: 2   PA_3644 25/01/2022 25/01/2022 Libro 3  
    Dewey Decimal Classification   Préstamo interno   Consulta Parasitologia Agricola Parasitologia Agricola   27/10/2005 PARA Volumen: 1 1 PA_3643 16/05/2023 25/01/2022 Libro 3 16/05/2023